La era de Trujillo / (Registro nro. 22100)
[ vista simple ]
| 000 -CABECERA | |
|---|---|
| campo de control de longitud fija | 01156nam a2200229 a 4500 |
| 001 - NÚMERO DE CONTROL | |
| campo de control | 000022603 |
| 005 - FECHA Y HORA DE LA ÚLTIMA TRANSACCIÓN | |
| campo de control | 20250501120733.0 |
| 008 - DATOS DE LONGITUD FIJA--INFORMACIÓN GENERAL | |
| campo de control de longitud fija | 101014s2006 dr 000 0 spa d |
| 020 ## - NÚMERO INTERNACIONAL ESTÁNDAR DEL LIBRO | |
| Número Internacional Estándar del Libro | 9993464042 |
| 040 ## - FUENTE DE LA CATALOGACIÓN | |
| Centro catalogador/agencia de origen | DO-SdBNP |
| Lengua de catalogación | spa |
| Centro/agencia transcriptor | BNPHU |
| 082 ## - NÚMERO DE LA CLASIFICACIÓN DECIMAL DEWEY | |
| Número de clasificación | 972.93053 |
| Número de documento/Ítem | G158e, 2006 |
| 049 ## - FONDOS LOCALES (OCLC) | |
| Fondos de biblioteca | BNPD |
| 245 13 - MENCIÓN DE TÍTULO | |
| Título | La era de Trujillo / |
| Mención de responsabilidad, etc. | Jesús de Galíndez ; presentación Orlando Inoa. |
| 260 ## - PUBLICACIÓN, DISTRIBUCIÓN, ETC. | |
| Lugar de publicación, distribución, etc. | Santo Domingo : |
| Nombre del editor, distribuidor, etc. | Letra gráfica breve, |
| Fecha de publicación, distribución, etc. | 2006. |
| 300 ## - DESCRIPCIÓN FÍSICA | |
| Extensión | 463 p. ; |
| Dimensiones | 19 cm. |
| 500 ## - NOTA GENERAL | |
| Nota general | Incluye índice onomástico |
| 500 ## - NOTA GENERAL | |
| Nota general | Incluye notas |
| 505 2# - NOTA DE CONTENIDO CON FORMATO | |
| Nota de contenido con formato | La Era de Trujillo -- Parodia constitucional -- Elecciones y renuncias -- Terror difuso en vez de libertad -- Partido único y sindicatos de Gobierno -- Instituciones sociales de relleno -- Estilo personal del tirano -- Repercusiones de la política internacional - El anticomunismo de Trujillo -- La obra positiva del régimen trujillista -- Crítica del régimen y grupos de oposición -- Conclusiones -- Bibliografía fuentes usadas para este estudio -- Índice onomástico. |
| 650 10 - PUNTO DE ACCESO ADICIONAL DE MATERIA--TÉRMINO DE MATERIA | |
| Término de materia o nombre geográfico como elemento de entrada | Demografía |
| 9 (RLIN) | 45443 |
| 700 1# - PUNTO DE ACCESO ADICIONAL--NOMBRE DE PERSONA | |
| Nombre de persona | Inoa, Orlando |
| 9 (RLIN) | 5784 |
| 910 ## - DATOS DE OPCIÓN DEL USUARIO (OCLC) | |
| Datos de opción del usuario | Validado. Control de calidad BNPHU |
| Estado de retiro | Estado de pérdida | No para préstamo | Código de colección | Localización permanente | Ubicación/localización actual | Ubicación en estantería | Fecha de adquisición | Número de inventario | Total de préstamos | Signatura topográfica completa | Código de barras | Fecha visto por última vez | Precio válido a partir de | Tipo de ítem Koha |
|---|---|---|---|---|---|---|---|---|---|---|---|---|---|---|
| Excluido de préstamo | Patrimonio Dominicano | Patrimonio Dominicano | Patrimonio Dominicano | Depósito | 14.10.2010 | LF1 | 972.93053 G158e, 2006 | 22603-10 | 25.06.2020 | 25.06.2020 | Libro y Folleto Colección Patrimonio Dominicano | |||
| Patrimonio Dominicano | Patrimonio Dominicano | Patrimonio Dominicano | Orden iniciada | 30.10.2019 | LF1 | 972.93053 G158e, 2006 | 22603-30 | 25.06.2020 | 25.06.2020 | Libro y Folleto Colección Patrimonio Dominicano |
